| 000 | 00913nac a22002537a 4500 | ||
|---|---|---|---|
| 001 | BR7603418 | ||
| 003 | BR-BrBNA | ||
| 005 | 20240205112315.0 | ||
| 008 | 230509b bl.|||m| |||| 00| 0 por d | ||
| 040 |
_aBR-BrBNA _bpor _cBiblioteca Nacional de Agricultura |
||
| 072 | _aA50; F00; L00 | ||
| 090 |
_aA50 _bBR7603418 |
||
| 110 | 1 |
_aUnidade de Execucao de Pesquisa de Ambito Estadual de Quissama, SE (Brasil) _910375 |
|
| 245 | 1 | _aRelatorio trimestral 1976 [Unidade de Execucao de Pesquisa de Ambito Estadual de Quissama, Sergipe, Brasil] | |
| 260 | 3 |
_aQuissama, SE (Brasil): _c1976. |
|
| 300 | _a13 p. | ||
| 490 |
_aRelatorio Trimestral - Unidade de Execucao de Pesquisa de Ambito Estadual de Quissama (Brazil) _vv. 1(2) |
||
| 650 | _aPROJETO DE PESQUISA | ||
| 650 | _aPESQUISA AGRICOLA | ||
| 650 | _aPESQUISA PECUARIA | ||
| 650 | _aINSTITUICAO DE PESQUISA | ||
| 650 | _aSERGIPE | ||
| 942 |
_2AGRIS _n0 _cMS |
||
| 999 |
_c266633 _d266633 |
||